Thumbnail Convenience Quiz - Statistics

General Stats
  • This quiz has been taken 11 times
  • The average score is 14 of 16
Answer Stats
Picture Answer % Correct
Avengers
100%
Avengers
100%
Champions
100%
Champions
100%
Marvel
100%
Marvel
100%
Marvel/Alphabet
100%
Marvel Studios
100%
Marvel Studios
100%
Guardians of the Galaxy
90%
Puzzle
90%
What If...?
90%
X-Men
70%
X-Men
70%
Titania
60%
English/German
50%
No matching quizzes found
Score Distribution
Percent of People with Each Score
Percentile by Number Answered
Your Score History
You have not taken this quiz